000 02279nam a22002057a 4500
003 DO-SdBNP
005 20210419131037.0
008 210419b dr |||| 00| 0 spa d
020 _a9789945167054
040 _aBPMSU
_bspa
_cBPMSU
100 _aCoss Frías, Elvira Angélica
_d1941 -
245 _aSobre el Patrimonio Cultural :
_bMueble, Inmueble e Intangible /
_cElvira Angélica Coss Frías
260 _aSanto Domingo :
_bBúho,
_c2015.
300 _a69 p. ,
_c23 cm.
500 _aIncluyes datos biográfico del autor en la solapa de la cubierta.
505 _8Introducir -- El foro a colón -- Más allá del Ozama -- Usos múltiples -- El Patrimonio Cultural -- La Restauración Patrimonial -- Esfuerzos nacionales e internacionales -- Normas de Quito, Ecuador -- Labor ética y normativa -- Convención de la haya para la protección de los bienes culturales en caso de conflicto armado y el protocolo anexo -- Régimen de protección de especial -- Reglamento de aplicación -- Protocolo anexo -- Convención de París sobre las medidas que deben adoptarse para prohibir e impedir la importación, la exportación y transferencia de propiedades ilícita de bienes culturales -- Bienes culturales . Definición -- Comité gubernamental para promover el retorno de los bienes de los bienes culturales a sus países de origen o de su restitución en caso de apropiación ilegal -- Convención del patrimonio mundial cultural y natural -- Bienes culturales naturales . Criterios -- EL comité intergubernamental de protección del patrimonio mundial cultural y natural de valor cultural universal excepcional -- El fondo para la protección del Patrimonio cultural y natural -- Oportunidades que representa la inscripción de los bienes culturales en la lista del patrimonio mundial -- Cargas que representa la inscripciones de los bienes culturales en la lista del patrimonio mundial -- Servidumbres -- Desafió que entraña la inscripción -- Lista de accesoria -- Patrimonio subacuático -- Acción operativa. Asistencia técnica -- Modalidad Particular : las Campañas internacionales de salvaguarda -- Patrimonio Latinoamericano y Caribeño -- Ejemplos destacados -- conclusión.
590 _6Inventariado,2021/ MC
910 _aMcabrera.
942 _2ddc
_cBK
999 _c13426
_d13426